| 000 | 00703nam a2200181 4500 | ||
|---|---|---|---|
| 001 | 122799 | ||
| 003 | ES-MaACL | ||
| 005 | 20230906192038.0 | ||
| 007 | t| | ||
| 008 | 070214s1971 sp r ||||1| spa d | ||
| 245 | 0 | 0 |
_aProducción de vacuno de recría / _c[H.J. Schwark, dir., et al.] ; editado por la Academia Alemana de Ciencias Agrícolas de Berlín ; traducción del alemán por Pablo Gredilla Rodriguez. |
| 260 |
_aLeón : _bAcademia, _c1971. |
||
| 300 |
_a209 p., 6 lám. : _bil. ; _c23 cm. |
||
| 700 | 1 |
_aSchwark, H. J. _9104859 |
|
| 700 | 1 |
_aGredilla Rodríguez, Pablo. _959824 |
|
| 710 | 2 |
_aAcademia Alemana de Ciencias Agrícolas de Berlín. _91140 |
|
| 852 |
_aES-MaACL _jC-43337 _bR.80581 |
||
| 999 |
_c122799 _d122799 |
||